| 000 | 00612 a2200193 4500 | ||
|---|---|---|---|
| 001 | 68914 | ||
| 999 |
_c68914 _d18748 |
||
| 003 | TR-AnTOB | ||
| 005 | 20190322122500.0 | ||
| 008 | 041130s2004 tu tur | ||
| 041 | _atur | ||
| 050 |
_aLB2328 _b.M47 2004 |
||
| 090 | _aLB 2328 .M47 2004 | ||
| 245 | 0 | _aMeslek yüksekokullarının bugünkü durumu ve mesleki ve teknik orta öğretim okullarından meslek yüksekokullarına sınavsız geçişin değerlendirilmesi. | |
| 264 | 1 |
_aAnkara : _bYükseköğretim Kurulu Başkanlığı, _c2004 |
|
| 300 |
_a134 s.: tablo. _c30 cm. |
||
| 901 | _a0023592, 0023593, 0023594 | ||
| 902 | _amç | ||
| 942 | _cBK | ||